01279nam a2200349 a 450000100060000000300080000600500170001400600190003100700150005000800410006503500230010603500240012903500250015303500210017804000260019905000210022508000080024608200120025410000280026624501500029426000310044430000100047553301640048565000430064965000430069265500270073570000350076270000340079771000190083185600620085099900170091232725FlNmELB20241216220750.0m o d | cr cn|||||||||201201r2005 sp |||||s|||||||||||spa d a(MiAaPQ)EBC3203846 a(Au-PeEL)EBL3203846 a(CaPaEBR)ebr10624472 a(OCoLC)929383497 aFlNmELBbspacFlNmELB 4aHB71bC1466 2005 a33004a3302221 aCalderón Moya, Allan.10aDemanda trimestral por medio circulanteh[recurso electronico]cAllan Calderón Moya, Jorge Hernández Villalobos, Abraham Sánchez Obaldía. aMálaga :bUNESCO,c2005. a38 p. aRecurso electrónico. Santa Fe, Arg.: e-libro, 2015. Disponible vía World Wide Web. El acceso puede estar limitado para las bibliotecas afiliadas a e-libro. 4aBusiness and Economics.xEconometrics. 4aNegocios y economía.xEconometría. 4aLibros electrónicos.1 aHernández Villalobos, Jorge.1 aSánchez Obaldía, Abraham.2 ae-libro, Corp.40uhttps://elibro.net/ereader/politecnicointernacional/51498 c32725d32725